Indian Economy/ (Record no. 207613)

MARC details
000 -LEADER
fixed length control field 00655nam a22002057a 4500
005 - DATE AND TIME OF LATEST TRANSACTION
control field 20250619151641.0
010 ## - LCCN (DPL NO)
LC control number DEC24SC ENG-142968 ENG-145465
020 ## - INTERNATIONAL STANDARD BOOK NUMBER
International Standard Book Number 9789358700190
Terms of availability 699.00
035 ## - SYSTEM CONTROL NUMBER
System control number EN-126500
035 ## - SYSTEM CONTROL NUMBER
System control number EN-128997
037 ## - SOURCE OF ACQUISITION
Source of stock number/acquisition DBAD
082 ## - DEWEY DECIMAL CLASSIFICATION NUMBER
Classification number 330.44
Edition number 7
100 ## - MAIN ENTRY--PERSONAL NAME
Personal name Vivek Singh
245 ## - TITLE STATEMENT
Title Indian Economy/
Statement of responsibility, etc By Vivek Singh
250 ## - EDITION STATEMENT
Edition statement 7
260 ## - PUBLICATION, DISTRIBUTION, ETC. (IMPRINT)
Place of publication, distribution, etc New Delhi
Name of publisher, distributor, etc S Chand and Company Limited
Date of publication, distribution, etc 2023
270 ## - ADDRESS
Address A-27, 2nd Floor, Mohan Co-operative Industrial Estate
City New Delhi
Postal code 110044
Electronic mail address info@schandpublishing.com
Telephone number 011-49731800
300 ## - PHYSICAL DESCRIPTION
Extent 466p.
Dimensions 26cm(pb)
942 ## - ADDED ENTRY ELEMENTS (KOHA)
Source of classification or shelving scheme Dewey Decimal Classification
Item type English Books
Classification part 330.44
Call number suffix VIV
Edition 7
Holdings
Withdrawn status Lost status Not for loan Collection code Home library Current library Date acquired Source of acquisition Cost, normal purchase price Full call number Barcode Copy number Cost, replacement price Koha item type
      Non-fiction Central Library Central Library 11/12/2024 Delivery of Books Division 699.00 330.44 VIV EN-126500 1 699.00 English Books
      Non-fiction RC4 Seelam Pur RC4 Seelam Pur 19/06/2025 Delivery of Books Act Division 699.00 330.44 VIV EN-128997 1 699.00 English Books

© Delhi Public Library
Hit Counter
free hit counter